000 00683nam a2200229 a 4500
001 000022650
005 20200930021722.0
008 101014s2007 ht 000 0 cpf d
020 _a9789993580973
040 _aDO-SdBNP
_bspa
_cBNPHU
082 _axxxx
_bR859g
100 1 _aRoumain, Jacques
_945687
245 1 0 _aGouverneurs de la Rosée :
_broman 1944 /
_cJacques Roumain.
260 _aPort-au-Prince :
_bFardin,
_c2007.
300 _a211 p. ;
_c22 cm.
490 1 _aDu Centenaire
500 _aIncluye datos biográficos de la autor
500 _aIncluye notas al pie de páginas
504 _aBibliografías [p. 211]
830 0 _aDu Centenaire
_946612
049 _aBNPD
999 _c22147
_d22147